000 00726nam a2200217Ia 4500
003 GCL
008 140319s9999 xx 000 0 ara d
020 _a5325209960
040 _aGCL /
_cGCL
082 0 4 _a155.4
_bم س
100 1 _aمحمد على الهمشرى
245 1 0 _aالمشكلات السلوكية للاطفال :
_bسلوك الاطفال /
_cمحمد على الهمشرى
250 _aالاولى
260 _aالرياض :
_bمكتبة العبيكان ،
_c1997
300 _a66 ص ؛
_c15 سم
490 _aالمشكلات السلوكية للاطفال
_v0
650 0 4 _aالكذب
650 0 4 _aالاطفال، علم نفس
650 0 4 _aالسلوك، انحراف
942 _2ddc
_cBK
999 _c3998
_d3998